Fallout 76 Quiz - Statistics

General Stats
  • This quiz has been taken 1,169 times
    1,168 since last reset
  • The average score is 8 of 15
Answer Stats
Question Answer % Correct
How do you activate the nuke? A letter code
93%
When enabling Pacifist mode what does it prevent? Player combat
90%
What is the most dangerous entity to encounter in the wild? Death Claw
85%
What perk allows you to revive a team mate with vodka? Quack surgeon
85%
In the vault what item of head wear are you given? Party hat
80%
What events occurs regularly in black water mines? Urainuim fever
73%
In a developer room leak what cosmetic was leaked? Lunch boxes
58%
Will building your C.A.M.P how much wood is one wall? 4 Wood
57%
How much bigger is the Fallout 76 map compared to Fallout 4? 4x
54%
A white springs what main law is there? Combat towards guards
44%
Whats new in Fallout 76? Launching Nukes
32%
At what level can you engage in player combat? Lvl 5
28%
While equipping any rad x how quickly do you die in a blast zone? 5 secs
18%
When enabling the radio what era of songs play? 60s-70s
15%
What party does the robots outside the vault support? Liberal
13%
No matching quizzes found
Score Distribution
Percent of People with Each Score
Percentile by Number Answered
Your Score History
You have not taken this quiz since the last reset